Toutes les communes de l'Ain sur une carte - Statistiques

Statistiques générales
  • Ce quiz a été pris 805 fois
  • Le résultat moyen est 90 sur 392
Réponses sur la Carte
Les réponses sont colorées sur une échelle allant du rouge au vert en fonction du pourcentage des utilisateurs qui les ont devinées à leur premier essai. Vous pouvez retrouver ces pourcentages ci-dessous.
 
Statistiques - réponses
Commune Population (2020) % Correct
Bourg-en-Bresse 41 681
96%
Bourg-Saint-Christophe 1 482
96%
Oyonnax 22 271
81%
Ambérieu-en-Bugey 14 288
75%
Gex 13 177
75%
Valserhône 16 434
74%
Nantua 3 453
72%
Belley 9 207
68%
Pont-de-Vaux 2 195
60%
Pont-de-Veyle 1 637
60%
Saint-Jean-de-Gonville 1 934
57%
Saint-Jean-de-Niost 1 600
57%
Saint-Jean-de-Thurigneux 809
57%
Saint-Jean-le-Vieux 1 786
57%
Saint-Jean-sur-Reyssouze 767
57%
Saint-Jean-sur-Veyle 1 165
57%
Val-Revermont 2 506
56%
Châtillon-la-Palud 1 622
54%
Châtillon-sur-Chalaronne 4 968
54%
Meximieux 7 998
54%
Péron 2 777
54%
Villars-les-Dombes 4 946
53%
Haut Valromey 615
52%
Saint-Denis-en-Bugey 2 245
52%
Saint-Denis-lès-Bourg 5 971
52%
Miribel 10 202
51%
Saint-André-de-Bâgé 792
49%
Saint-André-de-Corcy 3 366
49%
Saint-André-d'Huiriat 680
49%
Saint-André-le-Bouchoux 410
49%
Saint-André-sur-Vieux-Jonc 1 187
49%
Saint-Paul-de-Varax 1 583
49%
Ferney-Voltaire 10 612
48%
Péronnas 6 460
48%
Viriat 6 665
48%
Saint-Martin-de-Bavel 441
46%
Saint-Martin-du-Frêne 1 009
46%
Saint-Martin-du-Mont 1 877
46%
Saint-Martin-le-Châtel 788
46%
Bey 291
45%
Sainte-Julie 1 088
44%
Plateau d'Hauteville 4 824
43%
Trévoux 6 945
43%
Beynost 4 829
42%
Montluel 6 864
42%
Saint-Étienne-du-Bois 2 538
41%
Saint-Étienne-sur-Chalaronne 1 602
41%
Saint-Étienne-sur-Reyssouze 586
41%
Saint-Maurice-de-Beynost 4 066
41%
Saint-Maurice-de-Gourdans 2 699
41%
Saint-Maurice-de-Rémens 762
41%
Pérouges 1 309
40%
Culoz-Béon 3 426
39%
Divonne-les-Bains 9 999
39%
Saint-Genis-Pouilly 14 274
39%
Saint-Genis-sur-Menthon 484
39%
Lagnieu 7 214
37%
Ceyzériat 3 202
36%
Pont-d'Ain 2 904
36%
Vonnas 3 198
36%
Montrevel-en-Bresse 2 576
35%
Neuville-les-Dames 1 490
34%
Neuville-sur-Ain 1 799
34%
Saint-Laurent-sur-Saône 1 674
34%
Bâgé-Dommartin 4 068
33%
Bâgé-le-Châtel 977
33%
Attignat 3 299
32%
Montréal-la-Cluse 3 499
32%
Ruffieu 180
32%
Ambronay 2 827
31%
Lent 1 397
31%
Saint-Just 955
31%
Saint-Rambert-en-Bugey 2 172
31%
Chalamont 2 574
30%
Marboz 2 275
30%
Polliat 2 606
30%
Saint-Julien-sur-Reyssouze 726
30%
Saint-Julien-sur-Veyle 842
30%
Saint-Marcel 1 221
30%
Seyssel 1 006
30%
Jujurieux 2 129
29%
Replonges 3 833
29%
Saint-Didier-d'Aussiat 852
29%
Saint-Didier-de-Formans 2 072
29%
Saint-Didier-sur-Chalaronne 3 003
29%
Saint-Germain-de-Joux 502
29%
Saint-Germain-les-Paroisses 426
29%
Saint-Germain-sur-Renon 251
29%
Saint-Vulbas 1 247
29%
Saint-Rémy 964
28%
Saint-Trivier-de-Courtes 1 116
28%
Saint-Trivier-sur-Moignans 1 823
28%
Arbent 3 336
27%
Arvière-en-Valromey 712
27%
Bellignat 3 671
27%
Château-Gaillard 2254
27%
Dagneux 4 765
27%
Feillens 3 366
27%
Poncin 1 696
27%
Saint-Nizier-le-Bouchoux 612
27%
Saint-Nizier-le-Désert 920
27%
Servas 1 273
27%
Thoiry 6 119
27%
Cerdon 771
26%
Izernore 2 272
26%
Jassans-Riottier 6 337
26%
L'Abergement-Clémenciat 806
26%
L'Abergement-de-Varey 262
26%
La Boisse 3 335
26%
Montagnat 2 142
26%
Valromey-sur-Séran 1 334
26%
Jasseron 1 822
25%
Mijoux 299
25%
Port 840
25%
Collonges 2 230
24%
Izieu 220
24%
Lélex 231
24%
Tenay 1 012
24%
Virieu-le-Grand 1 127
24%
Coligny 1 161
23%
Groslée-Saint-Benoit 1 245
23%
Marlieux 1 179
23%
Mézériat 2 204
23%
Mionnay 2 245
23%
Saint-Cyr-sur-Menthon 1 822
23%
Saint-Georges-sur-Renon 203
23%
Ambérieux-en-Dombes 1 782
22%
Ambutrix 768
22%
Balan 2 647
22%
Bresse Vallons 2 368
22%
Chazey-Bons 1 175
22%
Chazey-sur-Ain 1 590
22%
Foissiat 2 016
22%
Jayat 1 241
22%
Nurieux-Volognat 1 008
22%
Prévessin-Moëns 8 948
22%
Thoissey 1 664
22%
Vaux-en-Bugey 1 224
22%
Buellas 1825
21%
Certines 1 514
21%
Dortan 1 892
21%
Neyron 2 596
21%
Saint-Sorlin-en-Bugey 1 117
21%
Tossiat 1 354
21%
Villeneuve 1 562
21%
Anglefort 1 101
20%
Ars-sur-Formans 1 490
20%
Artemare 1 213
20%
Bolozon 91
20%
Cize 178
20%
Confrançon 1 339
20%
Dompierre-sur-Veyle 1 190
20%
La Chapelle-du-Châtelard 397
20%
Léaz 796
20%
Loyettes 3 296
20%
Manziat 1 948
20%
Ornex 4 591
20%
Villieu-Loyes-Mollon 3 755
20%
Belleydoux 308
19%
Brénod 486
19%
Cessy 5 045
19%
Crozet 2 205
19%
Dompierre-sur-Chalaronne 436
19%
Les Neyrolles 632
19%
Leyment 1 332
19%
Maillat 668
19%
Martignat 1 674
19%
Priay 1 725
19%
Vieu-d'Izenave 743
19%
Béligneux 3 414
18%
Bény 759
18%
Challex 1 597
18%
Corveissiat 604
18%
Giron 176
18%
Izenave 152
18%
Joyeux 266
18%
Labalme 213
18%
Lhuis 893
18%
Meillonnas 1 379
18%
Montmerle-sur-Saône 3 761
18%
Reyssouze 1018
18%
Serrières-de-Briord 1 310
18%
Serrières-sur-Ain 134
18%
Thil 1 103
18%
Versailleux 488
18%
Villereversure 1 345
18%
Apremont 368
17%
Argis 445
17%
Beaupont 683
17%
Bettant 748
17%
Biziat 912
17%
Blyes 1 269
17%
Briord 1 095
17%
Ceignes 259
17%
Champagne-en-Valromey 822
17%
Charix 279
17%
Chézery-Forens 453
17%
Condeissiat 817
17%
Corbonod 1 279
17%
Curtafond 764
17%
Douvres 1 094
17%
Échallon 756
17%
Échenevex 2 123
17%
Hautecourt-Romanèche 756
17%
Injoux-Génissiat 1 123
17%
Le Poizat-Lalleyriat 746
17%
Malafretaz 1 226
17%
Reyrieux 5 050
17%
Saint-Bernard 1 484
17%
Sainte-Croix 546
17%
Sergy 2 209
17%
Simandre-sur-Suran 659
17%
Arandas 143
16%
Béard-Géovreissiat 1 044
16%
Bouligneux 332
16%
Brion 561
16%
Ceyzérieu 995
16%
Champfromier 726
16%
Charnoz-sur-Ain 902
16%
Chaveyriat 1 033
16%
Chevry 2 226
16%
Cormoz 702
16%
Courtes 301
16%
Druillat 1 139
16%
Géovreisset 830
16%
Groissiat 1 241
16%
Laiz 1 306
16%
Marsonnas 1 021
16%
Misérieux 1 979
16%
Montagnieu 651
16%
Montcet 708
16%
Niévroz 1 627
16%
Plagne 157
16%
Pougny 803
16%
Romans 606
16%
Saint-Sulpice 256
16%
Sault-Brénaz 987
16%
Sulignat 611
16%
Tramoyes 1 823
16%
Villebois 1 195
16%
Villemotier 628
16%
Baneins 625
15%
Billiat 628
15%
Bohas-Meyriat-Rignat 950
15%
Brens 1 133
15%
Champdor-Corcelles 636
15%
Châtenay 361
15%
Chevroux 966
15%
Civrieux 1 867
15%
Condamine 467
15%
Confort 693
15%
Corlier 116
15%
Crottet 1 792
15%
Drom 214
15%
Évosges 142
15%
Fareins 2 339
15%
Farges 1 053
15%
Grièges 1 884
15%
Massieux 2 709
15%
Montracol 1 017
15%
Nivigne et Suran 843
15%
Oncieu 77
15%
Ordonnaz 136
15%
Ozan 700
15%
Perrex 844
15%
Pizay 890
15%
Saint-Alban 192
15%
Sandrans 555
15%
Torcieu 734
15%
Villes 394
15%
Virignin 1 118
15%
Ambléon 113
14%
Aranc 327
14%
Arbigny 458
14%
Armix 26
14%
Asnières-sur-Saône 76
14%
Béréziat 480
14%
Birieux 285
14%
Boz 514
14%
Brégnier-Cordon 819
14%
Bressolles 951
14%
Chaleins 1 402
14%
Chaneins 965
14%
Chavannes-sur-Reyssouze 761
14%
Contrevoz 496
14%
Crans 303
14%
Domsure 509
14%
Faramans 843
14%
Frans 2 417
14%
Grand-Corent 184
14%
Illiat 681
14%
Innimond 86
14%
Journans 377
14%
La Burbanche 92
14%
Lescheroux 712
14%
Matafelon-Granges 628
14%
Murs-et-Gélignieux 244
14%
Peyrieu 897
14%
Rignieux-le-Franc 1 065
14%
Saint-Bénigne 1 336
14%
Saint-Éloi 523
14%
Sainte-Olive 305
14%
Ségny 2 145
14%
Sermoyer 650
14%
Sonthonnax-la-Montagne 299
14%
Souclin 271
14%
Surjoux-Lhopital 143
14%
Toussieux 1 169
14%
Versonnex 2 146
14%
Vesancy 492
14%
Villette-sur-Ain 760
14%
Andert-et-Condon 324
13%
Arboys en Bugey 663
13%
Beauregard 821
13%
Bénonces 309
13%
Chaley 122
13%
Challes-la-Montagne 192
13%
Cleyzieu 136
13%
Colomieu 159
13%
Cormoranche-sur-Saône 1 159
13%
Courmangoux 506
13%
Cruzilles-lès-Mépillat 922
13%
Francheleins 1 586
13%
Gorrevod 790
13%
Grilly 842
13%
Guéreins 1 487
13%
Lavours 135
13%
Le Montellier 304
13%
Le Plantay 589
13%
Lompnas 162
13%
Magnieu 642
13%
Massignieu-de-Rives 631
13%
Montanges 351
13%
Parcieux 1 334
13%
Parves et Nattages 959
13%
Pirajoux 413
13%
Ramasse 331
13%
Relevant 467
13%
Revonnas 892
13%
Sainte-Euphémie 1 723
13%
Salavre 273
13%
Samognat 654
13%
Vandeins 714
13%
Varambon 636
13%
Boyeux-Saint-Jérôme 351
12%
Chanoz-Châtenay 921
12%
Chevillard 152
12%
Conand 133
12%
Conzieu 150
12%
Garnerans 657
12%
Lapeyrouse 314
12%
Marchamp 130
12%
Messimy-sur-Saône 1 262
12%
Outriaz 258
12%
Prémillieu 44
12%
Rancé 735
12%
Rossillon 157
12%
Sauverny 988
12%
Savigneux 1 438
12%
Talissieu 524
12%
Verjon 333
12%
Boissey 380
11%
Chanay 637
11%
Cuzieu 443
11%
Flaxieu 65
11%
Lantenay 274
11%
La Tranclière 284
11%
Lurcy 383
11%
Mérignat 136
11%
Mogneneins 796
11%
Montceaux 1 194
11%
Monthieux 681
11%
Nivollet-Montgriffon 115
11%
Pollieu 165
11%
Prémeyzel 249
11%
Seillonnaz 139
11%
Vernoux 306
11%
Vescours 221
11%
Vésines 99
11%
Vongnes 71
11%
Cheignieu-la-Balme 131
10%
Cressin-Rochefort 395
10%
Curciat-Dongalon 444
10%
Genouilleux 651
10%
Leyssard 161
10%
Mantenay-Montlin 310
10%
Peyriat 145
10%
Peyzieux-sur-Saône 676
10%
Valeins 128
10%
Marignieu 167
9%
Pouillat 83
9%
Servignat 173
7%
Aucun quiz correspondant
Distribution des résultats
% des personnes avec chaque résultat
Percentile par nombre de réponses
Votre historique - résultats
Vous n’avez pas pris ce quiz